[Event "4NCL 2012-13"]
[Site "Sunningdale ENG"]
[Date "2012.11.04"]
[Round "2.153"]
[White "Hebden, Mark L"]
[Black "Morrison, Graham SCO"]
[Result "1-0"]
[WhiteTitle "GM"]
[BlackTitle "FM"]
[WhiteElo "2540"]
[BlackElo "2352"]
[WhiteTeam "Guildford"]
[BlackTeam "Barbican 4NCL"]
[WhiteFideId "400084"]
[BlackFideId "2400090"]
[EventDate "2012.11.03"]

1. d4 Nf6 2. Nf3 e6 3. e3 b6 4. Bd3 Bb7 5. O-O c5 6. c4 Be7 7. Nc3 cxd4 8. exd4
d5 9. cxd5 Nxd5 10. Ne5 O-O 11. Qg4 Nf6 12. Qh4 Ne4 13. Qh3 Qxd4 14. Bf4 Nf6 15.
Ne2 Qa4 16. Rfc1 Na6 17. Rc4 Qe8 18. Ng4 g6 19. Nh6+ Kg7 20. Be5 Nc5 21. Rh4 Rh8
22. Nf4 Nxd3 23. Qxd3 Rd8 24. Qe3 Qc6 25. Rc1 Qd7 26. h3 Kf8 27. Rc7 Qd1+ 28.
Kh2 Nd5 29. Nxd5 Qxd5 30. Rxb7 Qxb7 31. Rf4 f5 32. Bxh8 Bg5 33. Rxf5+ exf5 34.
Qxg5 Rd6 35. Be5 Re6 36. Qd8+ 1-0

[Event "4NCL 2012-13"]
[Site "Sunningdale ENG"]
[Date "2012.11.04"]
[Round "2.154"]
[White "Griffiths, Ryan Rhys"]
[Black "Plaskett, H James"]
[Result "1/2-1/2"]
[WhiteTitle "FM"]
[BlackTitle "GM"]
[WhiteElo "2353"]
[BlackElo "2495"]
[WhiteTeam "Barbican 4NCL"]
[BlackTeam "Guildford"]
[WhiteFideId "2502054"]
[BlackFideId "400238"]
[EventDate "2012.11.03"]

1. c4 e5 2. g3 Nf6 3. Bg2 Nc6 4. Nc3 Bb4 5. Nd5 Nxd5 6. cxd5 Ne7 7. Nf3 Bd6 8.
e4 c6 9. d4 cxd5 10. dxe5 Bb4+ 11. Bd2 Bxd2+ 12. Nxd2 dxe4 13. O-O d5 14. exd6
Qxd6 15. Nxe4 Qxd1 16. Rfxd1 Nc6 17. Rac1 Ke7 18. Re1 Rb8 19. b4 Be6 20. a3 Nd4
21. Nc5 Rhc8 22. Re4 b6 23. Rxd4 bxc5 24. bxc5 Rxc5 25. Re1 Kf8 26. h4 Rb3 27.
Rf4 Rc4 28. Rxc4 Bxc4 29. Re4 Rc3 30. a4 f6 31. Bf1 Bxf1 1/2-1/2

[Event "4NCL 2012-13"]
[Site "Sunningdale ENG"]
[Date "2012.11.04"]
[Round "2.155"]
[White "Smerdon, David"]
[Black "Buchicchio, Giampaolo"]
[Result "1-0"]
[WhiteTitle "GM"]
[BlackTitle "FM"]
[WhiteElo "2498"]
[BlackElo "2306"]
[WhiteTeam "Guildford"]
[BlackTeam "Barbican 4NCL"]
[WhiteFideId "3202305"]
[BlackFideId "811491"]
[EventDate "2012.11.03"]

1. e4 c5 2. c3 Nf6 3. e5 Nd5 4. Nf3 d6 5. d4 cxd4 6. Bc4 dxe5 7. Nxe5 e6 8. O-O
Nc6 9. cxd4 Be7 10. Nf3 Bf6 11. Nc3 Nxc3 12. bxc3 Qa5 13. Qd3 O-O 14. Rb1 a6 15.
Bd2 Qh5 16. Qe3 b5 17. Be2 Qd5 18. a4 Rb8 19. Bd3 Na5 20. axb5 axb5 21. Be4 Qd7
22. Qd3 g6 23. Bf4 Rb6 24. Nd2 Bb7 25. Bxb7 Nxb7 26. Ne4 Bg7 27. Rfd1 Qd5 28.
Bc7 Rc6 29. Rxb5 Rxc7 30. Rxd5 exd5 31. Ng5 Nd6 32. Qg3 Rc6 33. Qf3 Ne4 34. Nxe4
dxe4 35. Qxe4 Rxc3 36. d5 Rd8 37. d6 Bf8 38. Qe1 Rxd6 39. Rxd6 1-0

[Event "4NCL 2012-13"]
[Site "Sunningdale ENG"]
[Date "2012.11.04"]
[Round "2.156"]
[White "Chapman, Terry P D"]
[Black "Kosten, Anthony C."]
[Result "1/2-1/2"]
[BlackTitle "GM"]
[WhiteElo "2279"]
[BlackElo "2479"]
[WhiteTeam "Barbican 4NCL"]
[BlackTeam "Guildford"]
[WhiteFideId "413399"]
[BlackFideId "400114"]
[EventDate "2012.11.03"]

1. Nf3 Nf6 2. c4 e6 3. g3 d5 4. d4 Be7 5. Bg2 O-O 6. O-O dxc4 7. Qc2 b5 8. a4 b4
9. Nbd2 Bb7 10. Nxc4 Be4 11. Qd1 c5 12. dxc5 Nbd7 13. Nfe5 Bxg2 14. Kxg2 Qc7 15.
Nxd7 Nxd7 16. Be3 Bxc5 17. Rc1 Rfd8 18. Qb3 Rac8 19. Bg5 Re8 20. Rfd1 Qb7+ 21.
Qf3 Qxf3+ 22. exf3 Nb6 23. Nxb6 1/2-1/2

[Event "4NCL 2012-13"]
[Site "Sunningdale ENG"]
[Date "2012.11.04"]
[Round "2.157"]
[White "Suarez Real, Alberto"]
[Black "Rogers, Jonathan W"]
[Result "1-0"]
[WhiteTitle "FM"]
[BlackTitle "FM"]
[WhiteElo "2408"]
[BlackElo "2328"]
[WhiteTeam "Guildford"]
[BlackTeam "Barbican 4NCL"]
[WhiteFideId "2218534"]
[BlackFideId "402052"]
[EventDate "2012.11.03"]

1. e4 c5 2. Nf3 Nc6 3. Nc3 e6 4. d4 cxd4 5. Nxd4 Nf6 6. Nxc6 bxc6 7. e5 Nd5 8.
Ne4 Qc7 9. f4 Qb6 10. c4 Bb4+ 11. Ke2 Ba6 12. Kf3 f5 13. Nf2 Nc7 14. Be3 Qb7 15.
b3 Be7 16. Nd3 Rd8 17. Bc5 d6 18. exd6 Bxd6 19. Qe1 O-O 20. Bxd6 Rxd6 21. Nc5
Qb6 22. Qe5 Rfd8 23. Be2 Bc8 24. Rhd1 Ne8 25. Rxd6 Rxd6 26. Rd1 Rxd1 27. Bxd1
Qd8 28. Bc2 Qd6 29. Qxd6 Nxd6 30. Nd3 Kf8 31. Ke3 Ke7 32. Bd1 Nf7 33. Kd4 Kd6
34. c5+ Kc7 35. Ne5 Nd8 36. Nc4 Ba6 37. Nd6 Kd7 38. Ke5 Bf1 39. Bf3 Bd3 40. b4
Bf1 41. a3 Bd3 42. Bh5 Bf1 43. g3 Bg2 44. Be2 Bd5 45. Ba6 Bb3 46. h4 Bd1 47. Kd4
Ba4 48. Be2 Bb3 49. Bh5 Ba4 50. Ke5 Bb3 51. Bf7 Ba2 52. Bg8 h6 53. Bh7 Bb1 54.
Bg6 Ke7 55. Ne8 Kf8 56. Kd6 Ba2 57. Kd7 Nf7 58. Bxf7 Kxf7 59. Nd6+ Kf6 60. b5
cxb5 61. c6 e5 62. Ne8+ Kf7 63. fxe5 Be6+ 64. Kd8 g5 65. hxg5 hxg5 66. Nd6+ Kg6
67. Ke7 f4 68. gxf4 g4 69. Kxe6 g3 70. c7 1-0

[Event "4NCL 2012-13"]
[Site "Sunningdale ENG"]
[Date "2012.11.04"]
[Round "2.158"]
[White "Bhatia, Kanwal K"]
[Black "Lalic, Susan K"]
[Result "0-1"]
[WhiteTitle "WFM"]
[BlackTitle "IM"]
[WhiteElo "2057"]
[BlackElo "2257"]
[WhiteTeam "Barbican 4NCL"]
[BlackTeam "Guildford"]
[WhiteFideId "407496"]
[BlackFideId "401510"]
[EventDate "2012.11.03"]

1. e4 c5 2. Nf3 g6 3. c3 Bg7 4. d4 cxd4 5. cxd4 d5 6. e5 Bg4 7. Nc3 Nc6 8. Be3
Nh6 9. h3 Bxf3 10. Qxf3 Nf5 11. Bb5 O-O 12. Bxc6 bxc6 13. g4 Nxe3 14. Qxe3 c5
15. O-O cxd4 16. Qxd4 e6 17. f4 f6 18. Rae1 fxe5 19. fxe5 Rxf1+ 20. Rxf1 Qb6 21.
Qxb6 axb6 22. Re1 d4 23. Nb5 d3 24. Nc7 Rc8 25. Nb5 Bxe5 26. Rd1 Rd8 27. b3 Bf6
28. Kf2 Kf7 29. Ke3 d2 30. Ke2 Bg5 31. Nc3 Rd4 32. Rf1+ Ke7 33. Rf3 d1=Q+ 34.
Nxd1 Rd2+ 35. Ke1 Rxa2 36. Ne3 Bxe3 37. Rxe3 Rh2 38. Rd3 e5 39. Rc3 Kd6 40. Rd3+
Ke6 41. Rf3 e4 42. Rc3 Kd5 43. Kd1 Kd4 44. Rc6 b5 45. b4 Rxh3 46. Rc5 Kd3 47.
Rd5+ Kc4 48. Re5 e3 0-1

[Event "4NCL 2012-13"]
[Site "Sunningdale ENG"]
[Date "2012.11.04"]
[Round "2.161"]
[White "Gretarsson, Hjorvar Steinn"]
[Black "Wells, Peter K"]
[Result "1/2-1/2"]
[WhiteTitle "IM"]
[BlackTitle "GM"]
[WhiteElo "2516"]
[BlackElo "2488"]
[WhiteTeam "Jutes of Kent"]
[BlackTeam "White Rose"]
[WhiteFideId "2302241"]
[BlackFideId "400327"]
[EventDate "2012.11.03"]

1. c4 c5 2. g3 Nc6 3. Bg2 g6 4. Nc3 Bg7 5. Nf3 e6 6. O-O Nge7 7. d3 O-O 8. Bd2
d5 9. Rb1 b6 10. a3 Bb7 11. Qc1 Nd4 12. Nxd4 cxd4 13. Nd1 Qd7 14. b3 Rac8 15.
Nb2 Rfe8 16. Qc2 e5 17. Rbe1 Nf5 18. e4 dxe3 19. fxe3 dxc4 20. Bxb7 Qxb7 21.
bxc4 b5 22. Qb3 e4 23. d4 Qc7 24. c5 Nxg3 25. hxg3 Qxg3+ 26. Kh1 Qh3+ 27. Kg1
Qg3+ 28. Kh1 Qh3+ 1/2-1/2

[Event "4NCL 2012-13"]
[Site "Sunningdale ENG"]
[Date "2012.11.04"]
[Round "2.162"]
[White "McNab, Colin A"]
[Black "Williams, Simon K"]
[Result "1-0"]
[WhiteTitle "GM"]
[BlackTitle "GM"]
[WhiteElo "2455"]
[BlackElo "2511"]
[WhiteTeam "White Rose"]
[BlackTeam "Jutes of Kent"]
[WhiteFideId "2400030"]
[BlackFideId "404454"]
[EventDate "2012.11.03"]

1. c4 f5 2. g3 Nf6 3. Bg2 d6 4. Nc3 e5 5. d3 Be7 6. e4 Nc6 7. Nge2 O-O 8. O-O
Qe8 9. Nd5 Bd8 10. Rb1 Kh8 11. b4 Nxd5 12. exd5 Ne7 13. f4 c6 14. dxc6 bxc6 15.
Kh1 Ng8 16. c5 dxc5 17. fxe5 Qxe5 18. Bf4 Qf6 19. bxc5 Be6 20. Rb7 Rf7 21. Rxf7
Qxf7 22. Nd4 Bd5 23. Nxc6 Nf6 24. Bxd5 Qxd5+ 25. Qf3 Qxc5 26. Be3 Qb5 27. Nd4
Qd5 28. Nxf5 Bb6 29. Qxd5 Nxd5 30. Bc1 Ba5 31. Bb2 Bc3 32. Bxc3 Nxc3 33. Rf2 Rf8
34. Rc2 Nd5 35. Rc5 Nb4 36. d4 g6 37. Ne3 Re8 38. Ng4 Re2 39. Rc7 Nd5 40. Rd7 h5
41. Rxd5 hxg4 42. Ra5 Rd2 43. Rxa7 Rxd4 44. Rf7 Rd2 45. a4 Ra2 46. Rf4 Ra1+ 47.
Kg2 Ra2+ 48. Kg1 Ra1+ 49. Kf2 Ra2+ 50. Ke3 Kg7 51. Rxg4 Rxh2 52. Kd4 Rc2 53. Kd3
Ra2 54. Kc3 Kf6 55. Kb4 Kf5 56. Rd4 Rb2+ 57. Kc5 Ke5 58. Rb4 Rc2+ 59. Kb6 Kd6
60. a5 Rc6+ 61. Kb7 Rc7+ 62. Kb8 Rg7 63. Rc4 Rf7 64. a6 Rf3 65. a7 Rb3+ 66. Kc8
Ra3 67. Rc7 g5 68. Kb8 1-0

[Event "4NCL 2012-13"]
[Site "Sunningdale ENG"]
[Date "2012.11.04"]
[Round "2.163"]
[White "Ziska, Helgi Dam"]
[Black "Palliser, Richard J D"]
[Result "0-1"]
[WhiteTitle "IM"]
[BlackTitle "IM"]
[WhiteElo "2474"]
[BlackElo "2453"]
[WhiteTeam "Jutes of Kent"]
[BlackTeam "White Rose"]
[WhiteFideId "7200595"]
[BlackFideId "407372"]
[EventDate "2012.11.03"]

1. e4 c5 2. Nf3 d6 3. d4 cxd4 4. Nxd4 Nf6 5. Nc3 a6 6. Bg5 e6 7. f4 h6 8. Bh4
Qb6 9. Qd2 Qxb2 10. Nb3 Be7 11. Bf2 Nc6 12. Be2 d5 13. Rb1 Qxc3 14. Qxc3 Bb4 15.
Qxb4 Nxb4 16. Nc5 Nxc2+ 17. Kd1 Na3 18. Rb3 Nb5 19. e5 Ne4 20. Nxe4 dxe4 21. Kd2
Nc7 22. Rb4 Nd5 23. Rxe4 Bd7 24. Bc5 Bc6 25. Rd4 g5 26. fxg5 hxg5 27. Bf3 Rd8
28. h3 Ne7 29. Rxd8+ Kxd8 30. Rf1 Ke8 31. Ke3 Rh4 32. Rb1 Nf5+ 33. Kf2 Bxf3 34.
Kxf3 Rf4+ 35. Ke2 Re4+ 36. Kd3 Rxe5 37. Bf2 b5 38. a4 Rd5+ 39. Ke2 bxa4 0-1

[Event "4NCL 2012-13"]
[Site "Sunningdale ENG"]
[Date "2012.11.04"]
[Round "2.164"]
[White "Croad, Nicolas"]
[Black "Camus de Solliers, Guillaume"]
[Result "1/2-1/2"]
[WhiteTitle "FM"]
[BlackTitle "FM"]
[WhiteElo "2282"]
[BlackElo "2346"]
[WhiteTeam "White Rose"]
[BlackTeam "Jutes of Kent"]
[WhiteFideId "4300793"]
[BlackFideId "631256"]
[EventDate "2012.11.03"]

1. d4 e6 2. c4 Nf6 3. Nf3 b6 4. g3 Bb7 5. Bg2 Be7 6. Nc3 Ne4 7. Bd2 f5 8. Qc2
Nxc3 9. Bxc3 Be4 10. Qd2 Bf6 11. O-O O-O 12. Rad1 d6 13. Ne1 Bg5 14. f4 Bf6 15.
Bxe4 fxe4 16. d5 Bxc3 17. Qxc3 exd5 18. cxd5 Nd7 19. Nc2 a5 20. Nd4 Nc5 21. b3
Qf6 22. Qc4 e3 23. Rf3 Rae8 24. Ne6 Nxe6 25. dxe6 Qxe6 26. Qxc7 d5 27. Qc3 Qe4
28. Qd4 Qc2 29. Qxd5+ Kh8 30. Qd3 Qxa2 31. Rxe3 Rxe3 32. Qxe3 h6 33. Rd6 b5 34.
Qe5 Kh7 35. Qxb5 Qb1+ 36. Kf2 Qh1 37. Qd5 Qxh2+ 38. Qg2 Qh5 39. Qe4+ Kh8 40. Rd5
Qh3 41. Rxa5 Rb8 42. Re5 Rf8 43. b4 Qh2+ 44. Qg2 Rxf4+ 45. gxf4 Qxf4+ 46. Qf3
Qxe5 47. Qf8+ Kh7 48. Qc5 Qh2+ 49. Ke1 h5 50. b5 h4 51. b6 h3 52. Qh5+ Kg8 53.
Qd5+ Kh7 54. b7 Qg3+ 55. Kd1 h2 56. Qh5+ 1/2-1/2

[Event "4NCL 2012-13"]
[Site "Sunningdale ENG"]
[Date "2012.11.04"]
[Round "2.165"]
[White "Kirk, Ezra"]
[Black "Townsend, M Paul"]
[Result "0-1"]
[WhiteElo "2258"]
[BlackElo "2234"]
[WhiteTeam "Jutes of Kent"]
[BlackTeam "White Rose"]
[WhiteFideId "600067"]
[BlackFideId "402320"]
[EventDate "2012.11.03"]

1. d4 Nf6 2. c4 e6 3. Nc3 d5 4. cxd5 exd5 5. Bg5 c6 6. e3 Be7 7. Qc2 Nbd7 8. Bd3
Nh5 9. Bxe7 Qxe7 10. Nge2 g6 11. O-O-O Nb6 12. Kb1 Ng7 13. Ng3 Bd7 14. f3 O-O
15. Rhe1 Qh4 16. e4 dxe4 17. Ngxe4 Be6 18. g3 Qe7 19. Nc5 Rad8 20. Nxe6 Nxe6 21.
f4 Qf6 22. f5 Nxd4 23. Qf2 Nxf5 24. Qf3 Qg7 25. Bxf5 gxf5 26. Re7 Nc4 27. Qf4
Rxd1+ 28. Nxd1 b5 29. Qxf5 a5 30. g4 Rd8 31. Rd7 Rxd7 32. Qxd7 Qg6+ 33. Ka1 Qd6
34. Qxd6 Nxd6 35. Kb1 Kg7 36. Kc2 Kf6 37. Kd3 Ke5 38. Ke3 Nc4+ 39. Kf3 Kd4 40.
b3 Nd6 41. Ke2 Ne4 42. Kf3 Nc3 43. Ne3 Nxa2 44. h4 Nb4 0-1

[Event "4NCL 2012-13"]
[Site "Sunningdale ENG"]
[Date "2012.11.04"]
[Round "2.166"]
[White "Adair, James R"]
[Black "Harakis, Alexis M"]
[Result "1-0"]
[WhiteTitle "FM"]
[WhiteElo "2297"]
[BlackElo "2238"]
[WhiteTeam "White Rose"]
[BlackTeam "Jutes of Kent"]
[WhiteFideId "406252"]
[BlackFideId "403954"]
[EventDate "2012.11.03"]

1. e4 e6 2. d4 d5 3. Nd2 Nf6 4. e5 Nfd7 5. Bd3 c5 6. c3 Nc6 7. Ne2 Be7 8. O-O c4
9. Bc2 b5 10. b3 Nb6 11. bxc4 bxc4 12. f4 g6 13. g4 Kd7 14. f5 gxf5 15. gxf5 Kc7
16. f6 Bf8 17. Nf4 Bd7 18. Kh1 Qe8 19. Nh5 Qc8 20. Rf3 Nd8 21. Rh3 Qa6 22. a4
Qa5 23. Nf3 Bc6 24. Bd2 Rb8 25. Ng7 Rb7 26. Rh6 Nd7 27. Rxh7 Rxh7 28. Bxh7 Nc5
29. dxc5 d4 30. Rb1 dxc3 31. Be1 Qxc5 32. Kg2 Qxe5 33. Bg3 1-0

[Event "4NCL 2012-13"]
[Site "Sunningdale ENG"]
[Date "2012.11.04"]
[Round "2.167"]
[White "Naylor, John"]
[Black "Gayson, Peter M"]
[Result "0-1"]
[WhiteElo "2153"]
[BlackElo "2215"]
[WhiteTeam "Jutes of Kent"]
[BlackTeam "White Rose"]
[WhiteFideId "403172"]
[BlackFideId "401838"]
[EventDate "2012.11.03"]

1. a3 e5 2. d3 d5 3. Nf3 Bd6 4. Nbd2 Nf6 5. e4 O-O 6. Be2 Nc6 7. c3 Bg4 8. h3
Bxf3 9. Bxf3 dxe4 10. dxe4 Bc5 11. Qc2 Qe7 12. Nf1 Rad8 13. g4 Ne8 14. Ng3 g6
15. Bh6 Ng7 16. Rg1 Rfe8 17. Nf5 Nxf5 18. gxf5 Rd6 19. b4 Bb6 20. fxg6 Rxg6 21.
Ke2 Bxf2 22. Rxg6+ hxg6 23. Qc1 Bh4 24. Qe3 Qe6 25. Bg2 Rd8 26. Kf3 Qf6+ 27. Kg4
Bf2 28. Bg5 Qe6+ 0-1

[Event "4NCL 2012-13"]
[Site "Sunningdale ENG"]
[Date "2012.11.04"]
[Round "2.171"]
[White "Hunt, Adam C"]
[Black "Ghasi, Ameet K"]
[Result "1/2-1/2"]
[WhiteTitle "IM"]
[BlackTitle "IM"]
[WhiteElo "2431"]
[BlackElo "2434"]
[WhiteTeam "Blackthorne Russia"]
[BlackTeam "Warwickshire Select"]
[WhiteFideId "403970"]
[BlackFideId "409200"]
[EventDate "2012.11.03"]

1. e4 c5 2. Nf3 e6 3. d4 cxd4 4. Nxd4 Nc6 5. Nc3 Qc7 6. Be2 a6 7. O-O Nf6 8. Be3
Bb4 9. Nxc6 bxc6 10. Qd4 c5 11. Qc4 Bb7 12. Bf3 Rc8 13. e5 Bxc3 14. Qxc3 Nd5 15.
Bxd5 exd5 16. Bd2 1/2-1/2

[Event "4NCL 2012-13"]
[Site "Sunningdale ENG"]
[Date "2012.11.04"]
[Round "2.172"]
[White "Thomas, Nicholas"]
[Black "Ledger, Andrew J"]
[Result "1/2-1/2"]
[WhiteTitle "FM"]
[BlackTitle "IM"]
[WhiteElo "2283"]
[BlackElo "2402"]
[WhiteTeam "Warwickshire Select"]
[BlackTeam "Blackthorne Russia"]
[WhiteFideId "402117"]
[BlackFideId "400610"]
[EventDate "2012.11.03"]

1. e4 c6 2. d4 d5 3. Nd2 dxe4 4. Nxe4 Bf5 5. Ng3 Bg6 6. h4 h6 7. Nf3 Nd7 8. Bd3
Bxd3 9. Qxd3 e6 10. Bd2 Ngf6 11. c4 Be7 12. Ne4 Nxe4 13. Qxe4 Nf6 14. Qe2 O-O
15. g4 Nxg4 16. O-O-O h5 17. Bg5 Re8 18. Kb1 Qa5 19. Ne5 Rad8 20. Bd2 Qb6 21.
Nxg4 hxg4 22. Bc3 Bf6 23. Qxg4 Qa6 24. h5 Qxc4 25. h6 g6 26. Qf4 Bh8 27. h7+ Kf8
28. a3 b6 29. Bb4+ c5 30. Qh6+ Ke7 31. dxc5 a5 32. Bd2 Qxc5 33. Bg5+ f6 34. Be3
Qf5+ 35. Ka1 b5 36. Qh2 e5 37. Qg2 e4 38. Qg3 Rc8 39. Qd6+ Kf7 40. Rd5 Qe6 41.
Qxe6+ Rxe6 42. Rxb5 g5 43. Rxa5 Kg6 44. Ra7 f5 45. Rg1 Bf6 46. Rd7 Rb8 47. Bd4
Bxd4 48. Rxd4 Rh8 49. Rd7 g4 50. b4 Rxh7 51. Rxh7 Kxh7 52. b5 e3 53. fxe3 Rxe3
54. Kb2 g3 55. b6 f4 56. a4 Re6 57. a5 Re5 58. Ra1 g2 59. a6 Rb5+ 60. Kc2 Rxb6
61. a7 g1=Q 1/2-1/2

[Event "4NCL 2012-13"]
[Site "Sunningdale ENG"]
[Date "2012.11.04"]
[Round "2.173"]
[White "Ansell, Simon T"]
[Black "Baruch, Andrew J D"]
[Result "1-0"]
[WhiteTitle "IM"]
[WhiteElo "2377"]
[BlackElo "2079"]
[WhiteTeam "Blackthorne Russia"]
[BlackTeam "Warwickshire Select"]
[WhiteFideId "402141"]
[BlackFideId "412236"]
[EventDate "2012.11.03"]

1. e4 g6 2. d4 Bg7 3. Nf3 d6 4. Bd3 e5 5. Bg5 f6 6. Be3 Nh6 7. h3 Nf7 8. c3 c6
9. Nbd2 Be6 10. Bc2 Qe7 11. Bb3 d5 12. O-O O-O 13. Re1 Na6 14. Qe2 Nc7 15. Rad1
b6 16. c4 Rad8 17. cxd5 cxd5 18. dxe5 Nxe5 19. Nd4 dxe4 20. Nxe6 Nxe6 21. Nxe4
Kh8 22. Nc3 Nc5 23. Bd5 a5 24. Qb5 Qa7 25. a3 f5 26. Bg5 Rc8 27. Ba2 h6 28. Bf4
Nc6 29. Nd5 Nd4 30. Qxb6 Qxb6 31. Nxb6 Rcd8 32. Bc7 Ne2+ 33. Kf1 Rxd1 34. Rxd1
Nd4 35. Bd6 1-0

[Event "4NCL 2012-13"]
[Site "Sunningdale ENG"]
[Date "2012.11.04"]
[Round "2.174"]
[White "Pitcher, John"]
[Black "Bates, Richard A"]
[Result "1-0"]
[BlackTitle "IM"]
[WhiteElo "2226"]
[BlackElo "2370"]
[WhiteTeam "Warwickshire Select"]
[BlackTeam "Blackthorne Russia"]
[WhiteFideId "411485"]
[BlackFideId "403555"]
[EventDate "2012.11.03"]

1. e4 c5 2. Nc3 Nc6 3. Bb5 Nd4 4. Bc4 e6 5. Nf3 Nf6 6. O-O a6 7. d3 b5 8. Bb3
Bb7 9. Nxd4 cxd4 10. Ne2 Bc5 11. Bf4 d6 12. Ng3 O-O 13. Bg5 h6 14. Bd2 Qc7 15.
f4 d5 16. e5 Nh7 17. f5 Qxe5 18. f6 g5 19. Qf3 Rfe8 20. Rae1 Qc7 21. h4 Kh8 22.
Nh5 Rg8 23. Ng7 gxh4 24. Qh5 Bd6 25. Qxh6 a5 26. Rf3 Qd8 27. Qxh4 Rxg7 28. fxg7+
Kxg7 29. Rxf7+ Kxf7 30. Qxh7+ Ke8 31. Rxe6+ Be7 32. Bg5 1-0

[Event "4NCL 2012-13"]
[Site "Sunningdale ENG"]
[Date "2012.11.04"]
[Round "2.175"]
[White "Ledger, Dave J"]
[Black "Mason, Donald J"]
[Result "1-0"]
[WhiteTitle "FM"]
[WhiteElo "2268"]
[BlackElo "2222"]
[WhiteTeam "Blackthorne Russia"]
[BlackTeam "Warwickshire Select"]
[WhiteFideId "401986"]
[BlackFideId "405116"]
[EventDate "2012.11.03"]

1. e4 e6 2. d4 d5 3. Nc3 Bb4 4. e5 c5 5. a3 Bxc3+ 6. bxc3 Ne7 7. Qg4 Qc7 8. Qxg7
Rg8 9. Qxh7 cxd4 10. Ne2 Nbc6 11. f4 dxc3 12. Rb1 Bd7 13. Qd3 d4 14. h4 Nf5 15.
h5 O-O-O 16. h6 Rg6 17. h7 Rh8 18. Rh3 f6 19. exf6 Be8 20. Qf3 Rxh7 21. g4 Rxh3
22. Bxh3 Nh4 23. Qf2 Qh7 24. g5 Nf5 25. Bg2 Rg8 26. Rb5 Nd6 27. Rc5 Qxc2 28.
Qxd4 Bh5 29. Qd1 Qxd1+ 30. Kxd1 Nf5 31. Ke1 Kd7 32. Rxc3 Rc8 33. Bf3 Bg6 34. Bd2
Ke8 35. Bg4 Rd8 36. Rb3 Rd7 37. Rh3 Kf7 38. Rh8 a5 39. Bh5 Bxh5 40. Rh7+ Ke8 41.
Rxh5 1-0

[Event "4NCL 2012-13"]
[Site "Sunningdale ENG"]
[Date "2012.11.04"]
[Round "2.176"]
[White "Stepanyan, Henrik"]
[Black "Eames, Robert S"]
[Result "1-0"]
[BlackTitle "FM"]
[WhiteElo "2016"]
[BlackElo "2263"]
[WhiteTeam "Warwickshire Select"]
[BlackTeam "Blackthorne Russia"]
[WhiteFideId "401030"]
[BlackFideId "408743"]
[EventDate "2012.11.03"]

1. c4 c6 2. d4 d5 3. cxd5 cxd5 4. Nc3 Nf6 5. Nf3 Nc6 6. Ne5 e6 7. Qa4 Qb6 8. Qb5
Bd6 9. Qxb6 axb6 10. Nb5 Bb4+ 11. Bd2 O-O 12. f3 Bxd2+ 13. Kxd2 Nxe5 14. dxe5
Nd7 15. f4 Nc5 16. Nd4 f6 17. Ke3 fxe5 18. fxe5 Ne4 19. g4 Bd7 20. Rg1 g5 21.
Bg2 Rf4 22. Bf3 Nc5 23. Rgc1 Ra4 24. Nb3 Nxb3 25. axb3 Rxa1 26. Rxa1 Rb4 27. Ra3
Bc6 28. Kd3 Rf4 29. Ra8+ Kg7 30. h3 Bb5+ 31. Kc3 d4+ 32. Kd2 d3 33. Ke3 dxe2 34.
Bxe2 Bc6 35. Rc8 Re4+ 36. Kf2 Rxe5 37. Rc7+ Kf6 38. Rxh7 Rc5 39. Rh6+ Ke7 40.
Bc4 Bd7 41. h4 gxh4 42. Rxh4 b5 43. Bd3 Bc6 44. Rh5 Bd5 45. Ke3 Rc1 46. Bxb5 Rg1
47. Kf4 Rg2 48. Bc4 Bc6 49. Re5 Bd7 50. Re2 Rg1 51. Re3 Kf6 52. Be2 Rb1 53. g5+
Kg7 54. Bf3 b5 55. Re2 Rf1 56. Kg3 Rg1+ 57. Rg2 Re1 58. Rd2 Be8 59. Re2 Rg1+ 60.
Kf4 Bd7 61. Rd2 e5+ 62. Kxe5 Rxg5+ 63. Kd6 Bh3 64. Bd5 Bf1 65. Rf2 Bh3 66. Rf7+
Kg6 67. Rf8 Kh7 68. Re8 Rg3 69. Re1 Kg6 70. Kc6 Rg5 71. Rd1 Bg2 72. Bxg2 Rxg2
73. Kxb5 Rxb2 74. b4 Kf6 75. Re1 Rb3 76. Kc5 Rb2 77. b5 Kf7 78. Kc6 Rc2+ 79. Kb7
Rb2 80. b6 Rb3 81. Rc1 1-0

[Event "4NCL 2012-13"]
[Site "Sunningdale ENG"]
[Date "2012.11.04"]
[Round "2.177"]
[White "Ledger, Stephen C"]
[Black "Lam, Paul G M"]
[Result "1/2-1/2"]
[WhiteElo "2088"]
[BlackElo "2123"]
[WhiteTeam "Blackthorne Russia"]
[BlackTeam "Warwickshire Select"]
[WhiteFideId "404470"]
[BlackFideId "411566"]
[EventDate "2012.11.03"]

1. d4 e6 2. Nf3 f5 3. Nc3 Nf6 4. Bg5 Bb4 5. Qd3 b6 6. a3 Ba6 7. Qd2 Be7 8. Bxf6
Bxf6 9. e4 Bxf1 10. Rxf1 O-O 11. O-O-O Nc6 12. e5 Be7 13. d5 Na5 14. dxe6 dxe6
15. Qxd8 Rfxd8 16. Nb5 Kf7 17. Nxc7 Rac8 18. Nb5 a6 19. Nd6+ Bxd6 20. Rxd6 Rxd6
21. exd6 Rd8 22. d7 Nc6 23. Rd1 1/2-1/2

[Event "4NCL 2012-13"]
[Site "Sunningdale ENG"]
[Date "2012.11.04"]
[Round "2.181"]
[White "Cobb, James"]
[Black "Greet, Andrew N"]
[Result "1-0"]
[WhiteTitle "IM"]
[BlackTitle "IM"]
[WhiteElo "2423"]
[BlackElo "2438"]
[WhiteTeam "South Wales Dragons"]
[BlackTeam "Wood Green, Hilsmark Kingfisher"]
[WhiteFideId "1800949"]
[BlackFideId "405817"]
[EventDate "2012.11.03"]

1. Nf3 Nf6 2. g3 d5 3. Bg2 Bf5 4. d3 e6 5. O-O Be7 6. Nfd2 e5 7. c4 c6 8. Qb3
Na6 9. cxd5 cxd5 10. Qxb7 Nc5 11. Qb4 Rc8 12. Nb3 Qd7 13. Nxc5 Bxc5 14. Qb3 h5
15. h4 O-O 16. Bg5 Rb8 17. Qc2 Rfc8 18. Nc3 d4 19. Na4 Be7 20. Qd1 Bh3 21. b3
Bxg2 22. Kxg2 Nd5 23. Bxe7 Qxe7 24. Rc1 g5 25. e4 dxe3 26. Qxh5 exf2 27. Rxc8+
Rxc8 28. Rxf2 Rc6 29. Qxg5+ Qxg5 30. hxg5 Nb4 31. Nb2 Kg7 32. a3 Nc2 33. Kf3 Rc3
34. Ke4 Nxa3 35. Nc4 Rxb3 36. Nxe5 Rb7 37. d4 Nb5 38. Rf6 Nc3+ 39. Kd3 Nd5 40.
Rd6 Ne7 41. Ke4 Rc7 42. Rf6 Ng8 43. Ra6 f6 44. gxf6+ Nxf6+ 45. Kf5 Nd5 46. Ke6
Nb4 47. Ra4 a5 48. Rxa5 Rc3 49. g4 Re3 50. Kf5 Re1 51. Ra7+ Kf8 52. Rd7 Ke8 53.
Rd6 Rf1+ 54. Ke6 Nc2 55. g5 Rf4 56. Nc6 Kf8 57. Ke5 Rg4 58. Kf6 Rf4+ 59. Kg6 Re4
60. Rd8+ Re8 61. Rxe8+ Kxe8 62. Kh7 1-0